Joueuses de tennis présentes aux WTA Finals depuis 2010 - Statistiques

Statistiques générales
  • Ce quiz a été pris 170 fois
    40 depuis la dernière actualisation
  • Le résultat moyen est 35 sur 53
Statistiques - réponses
Nationalité Joueuses Nombre de matchs joués % Correct
France Garcia 9
97%
Chine Li Na 11
97%
Biélorussie Sabalenka 21
97%
Pologne Swiatek 18
97%
Etats-Unis Gauff 15
94%
Roumanie Halep 17
91%
Kazakhstan Rybakina 11
91%
Etats-Unis S. Williams 15
91%
Etats-Unis V. Williams 5
91%
Etats-Unis Pegula 14
88%
Biélorussie Azarenka 15
84%
Japon Osaka 4
84%
Tunisie Jabeur 6
81%
Allemagne Kerber 17
78%
Lettonie Ostapenko 3
78%
Italie Paolini 6
78%
Grèce Sakkari 11
78%
Ukraine Svitolina 13
78%
Danemark Wozniacki 20
78%
Australie Barty 5
75%
Etats-Unis Keys 5
75%
République Tchèque Kvitova 24
75%
Espagne Muguruza 15
75%
Espagne Badosa 4
72%
France Bartoli 1
72%
Russie Sharapova 14
72%
Chine Zheng 5
72%
Suisse Bencic 4
69%
Serbie Ivanovic 3
66%
Belgique Clijsters 5
63%
Pologne Radwanska 23
63%
République Tchèque Pliskova 18
59%
Canada Andreescu 2
56%
République Tchèque Krejcikova 7
56%
Etats-Unis Stephens 5
56%
Pays-Bas Bertens 6
53%
Italie Errani 6
53%
Serbie Jankovic 7
53%
République Tchèque Vondrousova 3
53%
Estonie Kontaveit 5
50%
Etats-Unis Anisimova 4
47%
Canada Bouchard 3
47%
Australie Stosur 10
47%
Russie Alexandrova 1
44%
Etats-Unis Kenin 1
41%
Russie Kuznetsova 4
41%
Italie Pennetta 3
41%
Australie Kasatkina 4
38%
Italie Schiavone 3
38%
Slovaquie Cibulkova 5
34%
Russie Dementieva 4
28%
Russie Zvonareva 7
25%
République Tchèque Safarova 3
19%
Aucun quiz correspondant
Distribution des résultats
% des personnes avec chaque résultat
Percentile par nombre de réponses
Votre historique - résultats
Vous n’avez pas pris ce quiz depuis la dernière actualisation